Normal view
MARC view
Entry Corporate Name
001 - CONTROL NUMBER
- control field: 36014
003 - CONTROL NUMBER IDENTIFIER
- control field: ARRUPE
005 - DATE AND TIME OF LATEST TRANSACTION
- control field: 20170920155104.0
008 - FIXED-LENGTH DATA ELEMENTS
- fixed length control field: 170920|| aca||aabn | a|a d
040 ## - CATALOGING SOURCE
- Original cataloging agency: ARRUPE
- Transcribing agency: ARRUPE
110 ## - HEADING--CORPORATE NAME
- Corporate name or jurisdiction name as entry element: National Geographic Society (U.S.).
- Subordinate unit: Special Publications Division.
670 ## - SOURCE DATA FOUND
- Source citation: Work cat.: (ARRUPE)9335: Nature on the rampage :, c1986.